00687nam a2200205 a 4500001001000000003000900010005001700019008003500036040002500071082003000096100002800126245004000154246002400194260004400218300002000262500007200282563007600354650002400430650002700454000009784DO-SdBNP20240201120003.0091001s1984 dr a r 000 p spa d aDO-SdBNPbspacBPMSU aRD861.44bC355a, 19842221 aCastro, Tomás,d1959-10aAmor aquemarropa /cTomás Castro.14aAmor a quema rropa  aSanto Domingo :bEditorial Gente,c1984 a67 p. ;c18 cm. aIncluye datos biográficos del autor en la solapa de la cubierta.  aDos obras con paginación independiente en encuadernación invertida. 4aPoesía dominicana 4aLiteratura dominicana.